000 00822cab a2200253 4500
001 WB3344-26
008 090401t1997 xxu||||| |||| 00| 0 eng d
035 _a(Sirsi) u82054
041 _aeng
245 _aBill receives Royal Assent
260 _c1997
350 _a0
490 _aDoE News Release
_v(438/ENV) 7 November 1997, (2)
520 _aThe Local Government Finance (Supplementary Credit Approvals) Bill received Royal Assent on 6 November 1997. It comes into force immediately. Figures.
650 _aCAPITAL RECEIPTS
650 _aHOUSING NEED
650 _aLOCAL AUTHORITIES
650 _aLOCAL GOVERNMENT FINANCE (SUPPLEMENTARY CREDIT APPROVALS) ACT
650 _aROYAL ASSENT
650 _aSUPPLEMENTARY CREDIT APPROVALS
690 _aHOUSING-FINANCE
942 _n0
948 _c13/11/1997
999 _c51748
_d51748